Vznikla asociácia public relations agentúr

Transformácia Asociácie public relations SR (APRSR) z asociácie jednotlivcov na asociáciu agentúr, pričom združuje aj jednotlivcov. Z histórie APRSR, ciele APRSR. Aktuálnosť otázok profesionality, pravidiel a etiky v oblasti public relations (PR). Česká Asociácia PR agentúr (APRA) - potreba vypracov...

Descrizione completa

Salvato in:
Dettagli Bibliografici
Autore principale: Babitzová, Eva
Natura: Capitolo di libro
Lingua:slovacco
Soggetti:
Tags: Aggiungi Tag
Nessun Tag, puoi essere il primo ad aggiungerne!!

MARC

LEADER 00000naa a2200000 4500
001 r036175
005 20230921103648.3
041 0 |a slo 
044 |a SK 
245 1 0 |a Vznikla asociácia public relations agentúr  |c Eva Babitzová 
520 |a Transformácia Asociácie public relations SR (APRSR) z asociácie jednotlivcov na asociáciu agentúr, pričom združuje aj jednotlivcov. Z histórie APRSR, ciele APRSR. Aktuálnosť otázok profesionality, pravidiel a etiky v oblasti public relations (PR). Česká Asociácia PR agentúr (APRA) - potreba vypracovať súbor štandardov kvality, vychádzajúc z medzinárodných štandardov. Problematika etiky v public relations. APRSR prijala svoj etický kódex. 
610 2 0 |a práca s verejnosťou 
610 2 0 |a združenia 
610 2 0 |a agentúry 
610 2 0 |a štandardy 
610 2 0 |a etika 
610 2 0 |a Slovensko 
610 2 0 |a Česko 
100 1 |a Babitzová, Eva